00817nam a2200241 a 450000100060000000300080000600500170001400800410003102000180007203500190009004000320010904100080014108200280014910000350017724500640021225000120027626000500028830000500033849000510038850400510043965000340049083000510052482204BD-RjUL20231030115527.0010213r20042002nyua b 001 0 eng  a9781475777093 a(BD-RjUL)82204 aDLCcDLCdDLCdBD-RjULbeng aeng00221a570.15118bMUM 20041 aMurray, J. D.q(James Dickson)10aMathematical Biology : bI. An Introduction /cJ.D. Murray. a3rd ed. aNew York :bSpringer,cc2002, [Printing 2004] axxiii, 551 pages : billustrations ; c24 cm. aInterdisciplinary applied mathematics, vv. 17 aIncludes bibliographical references and index. 0aBiologyxMathematical models. aInterdisciplinary applied mathematics, vv. 17